|
|
|
|
| LEADER |
00000naa2a2200000 4500 |
| 001 |
426063 |
| 005 |
20231101074503.0 |
| 035 |
|
|
|a (RuTPU)RU\TPU\prd\84737
|
| 035 |
|
|
|a RU\TPU\prd\30127
|
| 090 |
|
|
|a 426063
|
| 100 |
|
|
|a 20100628a2004 k y0rusy50 ca
|
| 101 |
0 |
|
|a rus
|
| 102 |
|
|
|a RU
|
| 200 |
1 |
|
|a Ядерные реакторы на воде сверхкритического давления
|f Ю. Д. Баранаев, П. Л. Кириллов, В. М. Поплавский, В. Н. Шарапов
|
| 225 |
1 |
|
|a Статьи
|
| 320 |
|
|
|a Библиогр.: 9 назв.
|
| 461 |
|
1 |
|0 (RuTPU)RU\TPU\prd\33
|x 0004-7163
|t Атомная энергия
|o теоретический и научно-технический журнал
|f Российская академия наук ; Министерство РФ по атомной энергии, ядерного общества
|d 1956-
|
| 463 |
|
1 |
|0 (RuTPU)RU\TPU\prd\84729
|t Т. 96, вып. 5
|v с. 374-380
|d 2004
|
| 610 |
1 |
|
|a ядерные реакторы
|
| 610 |
1 |
|
|a вода сверхкритического давления
|
| 610 |
1 |
|
|a охлаждение
|
| 610 |
1 |
|
|a теплоносители
|
| 610 |
1 |
|
|a перегрев
|
| 610 |
1 |
|
|a плутониевое топливо
|
| 610 |
1 |
|
|a быстрорезонансные реакторы
|
| 675 |
|
|
|a 621.311.25
|v 3
|
| 675 |
|
|
|a 621.039.51
|v 3
|
| 701 |
|
1 |
|a Баранаев
|b Ю. Д.
|
| 701 |
|
1 |
|a Кириллов
|b П. Л.
|
| 701 |
|
1 |
|a Поплавский
|b В. М.
|
| 701 |
|
1 |
|a Шарапов
|b В. Н.
|
| 801 |
|
1 |
|a RU
|b 63413507
|c 20041119
|g PSBO
|
| 801 |
|
2 |
|a RU
|b 63413507
|c 20100628
|g PSBO
|
| 942 |
|
|
|c BK
|